بے برگ شاخ / (Record no. 41453)
[ view plain ]
| 000 -LEADER | |
|---|---|
| fixed length control field | 00883nam a22002537a 4500 |
| 005 - DATE AND TIME OF LATEST TRANSACTION | |
| control field | 20100925105050.0 |
| 008 - FIXED-LENGTH DATA ELEMENTS--GENERAL INFORMATION | |
| fixed length control field | 081119t xxu||||| |||| 00| 0 ur d |
| 010 ## - LCCN (DPL NO) | |
| LC control number | UR-7695 |
| 020 ## - INTERNATIONAL STANDARD BOOK NUMBER | |
| Terms of availability | 170.00 |
| 035 ## - SYSTEM CONTROL NUMBER | |
| System control number | U-6250 |
| 040 ## - CATALOGING SOURCE | |
| Original cataloging agency | DPL |
| Language of cataloging | UR |
| 082 ## - DEWEY DECIMAL CLASSIFICATION NUMBER | |
| Classification number | 841 |
| 100 ## - MAIN ENTRY--PERSONAL NAME | |
| 9 (RLIN) | 11327 |
| Personal name | نرمل سنگھ نرمل |
| 245 ## - TITLE STATEMENT | |
| Title | بے برگ شاخ / |
| Statement of responsibility, etc | نرمل سنگھ نرمل |
| 246 ## - VARYING FORM OF TITLE | |
| Title proper/short title | Be Barg Shak / |
| Remainder of title | by Nirmal Singh Nirmal |
| 260 ## - PUBLICATION, DISTRIBUTION, ETC. (IMPRINT) | |
| Date of publication, distribution, etc | 2007 |
| Place of publication, distribution, etc | نئ دلّی |
| Name of publisher, distributor, etc | آہلوالیہ بک ڈپو |
| 270 ## - ADDRESS | |
| Address | 9988, New Rohtak Road |
| City | New Delhi |
| Postal code | 110005 |
| Telephone number | 28715142 |
| 300 ## - PHYSICAL DESCRIPTION | |
| Extent | 184 ص |
| Dimensions | 22 س م (Hb) |
| 650 ## - SUBJECT ADDED ENTRY--TOPICAL TERM | |
| Topical term or geographic name as entry element | تاریخ |
| 9 (RLIN) | 11328 |
| 650 ## - SUBJECT ADDED ENTRY--TOPICAL TERM | |
| Topical term or geographic name as entry element | Indian history |
| 9 (RLIN) | 11329 |
| 700 ## - ADDED ENTRY--PERSONAL NAME | |
| 9 (RLIN) | 11462 |
| 942 ## - ADDED ENTRY ELEMENTS (KOHA) | |
| Source of classification or shelving scheme | Dewey Decimal Classification |
| Item type | Urdu Bks |
| Classification part | 841 |
| Call number suffix | ن ر م |
| Withdrawn status | Lost status | Source of classification or shelving scheme | Damaged status | Not for loan | Collection code | Home library | Current library | Date acquired | Source of acquisition | Cost, normal purchase price | Total Checkouts | Full call number | Barcode | Date last seen | Copy number | Cost, replacement price | Koha item type |
|---|---|---|---|---|---|---|---|---|---|---|---|---|---|---|---|---|---|
| Dewey Decimal Classification | Not For Loan | Non-fiction | D.B.Act.Division | D.B.Act.Division | 12/08/2010 | DBAD/PUB | 170.00 | 841 ن ر م | U-6250 | 12/08/2010 | 1 | 170.00 | Urdu Bks |
